• 首页
  • 本馆介绍
  • 公告通知
  • 最新文献
  • 馆藏检索
  • 电子资源
  • 读者导购
  • 参考咨询
  • 我的图书馆
  • 登录
  • 详细信息显示
  • 放入我的书架
  • 预约/预借图书
  • 作者相关作品
  • 分类相关作品
  • 丛书相关作品
  • 出版社相关作品

书目信息

  • 表格格式
  • 工作单格式
  • 卡片格式
题名:
中国知识分子养生指南
    
 
作者: 许士凯
分册:  
出版信息: 上海   上海中医学院出版社  1988.06
页数: 162页
开本: 32开
丛书名:
单 册:
中图分类: R161-62
科图分类:
主题词: 个人卫生
电子资源:
ISBN: 7-81010-042-4
000 00545nam0 2200181 45
001 9911301546
005 19991130154135.3
010    @a7-81010-042-4@d1.10
100    @a19991130d1988 km y0chiy0120 ea
101    @achi
105    @a z 000yy
200 1  @a中国知识分子养生指南@AZhong Guo Zhi Shi Fen Zi Yang Sheng Zhi Nan@f许士凯@FXu Shi Kai
210    @a上海@c上海中医学院出版社@d1988.06
215    @a162页@c无图表@d32开
606 0  @a个人卫生
690    @aR161-62@v3
801    @aCN@bPerfectUser@c19991130
905    @aBZT@b23686-688@f3@dR161-62@e1
    
    中国知识分子养生指南/许士凯.-上海:上海中医学院出版社,1988.06
    162页:无图表;32开
    
    
    ISBN 7-81010-042-4:1.10
    
●
相关链接 在五车中查询图书 在当当中查询图书 在豆瓣中查询图书


正题名:中国知识分子养生指南     索取号:R161-62/1         预约/预借

序号 登录号 条形码 馆藏地/架位号 状态 备注
1 23686   200172650   中心书库中库/ 中库001架B面5列5层53/ [索取号:R161-62/1] 在馆    
2 23687   200172669   中心书库中库/ 中库001架B面5列5层55/ [索取号:R161-62/1] 在馆    
3 23688   200172632   中心书库中库/ 中库001架B面5列5层54/ [索取号:R161-62/1] 在馆    
山东省滨州职业学院图书馆 欢迎您!
大连网信软件有限公司© 版权所有